[Event "P-5228"]
[Site "IECC email"]
[Date "2022.08.22"]
[Round "?"]
[White "Page, Alan"]
[Black "Chavez, Oscar"]
[Result "1-0"]
[WhiteElo "1210"]
[BlackElo "1148"]
[PlyCount "63"]
[EventDate "2022.??.??"]
[EventType "tourn (corr)"]
[SourceTitle "Corr 2024"]
[Source "ChessBase"]
[SourceDate "2023.10.19"]
[SourceVersion "1"]
[SourceVersionDate "2023.10.19"]
[SourceQuality "1"]
[WhiteTeam "England"]
[BlackTeam "Vereinigte Staaten"]
[WhiteTeamCountry "ENG"]
[BlackTeamCountry "USA"]

1. e4 d6 2. d4 Nf6 3. e5 Nd5 4. Bc4 e6 5. Bxd5 exd5 6. Qf3 Be6 7. Ne2 dxe5 8. Qe3 e4 9. Nbc3 Bb4 10. a3 Bd6 11. Nf4 Qf6 12. Nfxd5 Qg6 13. 0-0 Qh5 14. Nf4 Qf5 15. Qg3 g5 16. Nce2 Nd7 17. Qc3 gxf4 18. d5 Be5 19. Qb3 f3 20. dxe6 fxe2 21. Re1 Qh5 22. exd7+ Kd8 23. h3 Rg8 24. Qxb7 Kxd7 25. Qxe4 Qxh3 26. Qd5+ Bd6 27. Bf4 Rxg2+ 28. Qxg2 Rg8 29. Qxg8 Bxf4 30. Qxf7+ Kd8 31. Qxf4 Qh5 32. Qd2+ 1-0

[Event "P-5155"]
[Site "IECC email"]
[Date "2020.03.12"]
[Round "?"]
[White "Page, Alan"]
[Black "Hutton, Andrew"]
[Result "0-1"]
[WhiteElo "1207"]
[BlackElo "1331"]
[PlyCount "118"]
[EventDate "2020.??.??"]
[EventType "tourn (corr)"]
[SourceTitle "Corr 2024"]
[Source "ChessBase"]
[SourceDate "2023.10.19"]
[SourceVersion "1"]
[SourceVersionDate "2023.10.19"]
[SourceQuality "1"]
[WhiteTeam "England"]
[BlackTeam "Hongkong"]
[WhiteTeamCountry "ENG"]
[BlackTeamCountry "HKG"]

1. e4 c5 2. Nc3 e6 3. e5 Nc6 4. Nf3 a6 5. a3 g6 6. Ne4 Qc7 7. Nf6+ Nxf6 8. exf6 Bh6 9. d3 Bxc1 10. Qxc1 h6 11. Be2 b6 12. c3 Bb7 13. 0-0 0-0-0 14. b4 d6 15. a4 Rd7 16. b5 Na5 17. Rb1 axb5 18. axb5 Qd8 19. c4 Qxf6 20. Nd2 Qg5 21. Bf3 Bxf3 22. Nxf3 Qxc1 23. Rfxc1 Re8 24. d4 Rc7 25. dxc5 Rxc5 26. Nd2 f5 27. Rb4 Kd7 28. f3 Rec8 29. Rbb1 d5 30. Rd1 Nxc4 31. Nxc4 Rxc4 32. h3 Ra8 33. Kh2 Ra5 34. g4 f4 35. h4 Rc2+ 36. Kh3 Raa2 37. g5 h5 38. Rh1 Rg2 39. Rbg1 Rxg1 40. Rxg1 Ra5 41. Rb1 e5 42. Re1 Kd6 43. Rb1 d4 44. Kg2 Kc7 45. Kf2 Kd6 46. Kg2 Ra2+ 47. Kg1 d3 48. Rd1 Ra3 49. Kf2 Kd5 50. Ke1 Rb3 51. Kd2 Kd4 52. Ke1 Ke3 53. Kf1 Kxf3 54. Re1 d2 55. Rd1 Rc3 56. Kg1 Rc1 57. Rxc1 dxc1Q+ 58. Kh2 Qb2+ 59. Kh3 Qg2# 0-1

[Event "P-4997"]
[Site "IECC email"]
[Date "2016.04.18"]
[Round "?"]
[White "Page, Alan"]
[Black "Crowley, Mike"]
[Result "0-1"]
[WhiteElo "1081"]
[BlackElo "1381"]
[PlyCount "66"]
[EventDate "2016.??.??"]
[EventType "tourn (corr)"]
[SourceTitle "Corr 2020"]
[Source "ChessBase"]
[SourceDate "2019.09.30"]
[SourceVersion "1"]
[SourceVersionDate "2019.09.30"]
[SourceQuality "1"]
[WhiteTeam "England"]
[BlackTeam "United States"]
[WhiteTeamCountry "ENG"]
[BlackTeamCountry "USA"]

1. e4 e5 2. Nf3 Nc6 3. d4 exd4 4. Nxd4 Bc5 5. Nxc6 Qf6 6. Qe2 dxc6 7. c3 Ne7 8. e5 Qf5 9. b4 Bb6 10. a4 a5 11. Be3 0-0 12. Bxb6 cxb6 13. Qe3 Nd5 14. Qg3 Qc2 15. Nd2 Nxc3 16. Bd3 Qb2 17. 0-0 Qxd2 18. bxa5 Rxa5 19. Rac1 Rc5 20. Rce1 Rd5 21. Bc4 Rd4 22. Bb3 Ne2+ 23. Rxe2 Qxe2 24. Qg5 h6 25. Qg3 Be6 26. Qc3 Rd3 27. Qb4 Rxb3 28. Qd4 Rd3 29. Qa1 Rfd8 30. h4 Bh3 31. Kh2 Qg4 32. Rg1 Bxg2 33. f3 Qh3# 0-1

[Event "IECC O-4197"]
[Site "IECC email"]
[Date "2016.02.09"]
[Round "?"]
[White "Kellaway, Ted"]
[Black "Page, Alan"]
[Result "0-1"]
[WhiteElo "1079"]
[BlackElo "1064"]
[PlyCount "64"]
[EventDate "2016.??.??"]
[EventType "swiss (corr)"]
[EventRounds "2"]
[SourceTitle "Corr 2020"]
[Source "ChessBase"]
[SourceDate "2019.09.30"]
[SourceVersion "1"]
[SourceVersionDate "2019.09.30"]
[SourceQuality "1"]
[WhiteTeam "South Africa"]
[BlackTeam "England"]
[WhiteTeamCountry "RSA"]
[BlackTeamCountry "ENG"]

1. d4 d5 2. f3 f5 3. e3 Nc6 4. c3 g6 5. Bb5 Bd7 6. Ba4 Nf6 7. Nh3 e5 8. dxe5 Nxe5 9. Qd4 Bd6 10. Bxd7+ Qxd7 11. f4 Neg4 12. g3 Qe7 13. b3 Bc5 14. Qd3 Bxe3 15. Kd1 0-0-0 16. Nd2 Ne4 17. Ke2 Nef2 18. Nxf2 Bxf2+ 19. Kd1 Bb6 20. Kc2 Nf2 21. Qf1 Nxh1 22. Qxh1 Rhe8 23. Bb2 d4 24. Rd1 dxc3 25. Bxc3 Qa3 26. Kb1 Qc5 27. Rc1 Qd6 28. Nc4 Qd3+ 29. Ka1 Bd4 30. Kb2 Re2+ 31. Ka1 Bxc3+ 32. Nb2 Bxb2# 0-1

[Event "IECC O-4152"]
[Site "IECC email"]
[Date "2015.12.29"]
[Round "?"]
[White "Page, Alan"]
[Black "Kellaway, Ted"]
[Result "0-1"]
[WhiteElo "1081"]
[BlackElo "1062"]
[PlyCount "84"]
[EventDate "2015.??.??"]
[EventType "swiss (corr)"]
[EventRounds "2"]
[SourceTitle "Corr 2020"]
[Source "ChessBase"]
[SourceDate "2019.09.30"]
[SourceVersion "1"]
[SourceVersionDate "2019.09.30"]
[SourceQuality "1"]
[WhiteTeam "England"]
[BlackTeam "South Africa"]
[WhiteTeamCountry "ENG"]
[BlackTeamCountry "RSA"]

1. e4 e5 2. Nf3 Nc6 3. Bb5 Bc5 4. 0-0 Nf6 5. d3 a5 6. Bxc6 bxc6 7. Nxe5 Qe7 8. Nf3 0-0 9. h3 d5 10. exd5 cxd5 11. b3 c6 12. d4 Bd6 13. c4 Ba6 14. Re1 Qc7 15. c5 Be7 16. Ne5 Rfe8 17. Nd2 Rab8 18. Ndf3 Ne4 19. Be3 f6 20. Ng4 Bf8 21. Nd2 h5 22. Nh2 g6 23. Qc2 Re6 24. f3 Ng5 25. Qxg6+ Qg7 26. Qxh5 Bd3 27. f4 Ne4 28. Qf3 f5 29. Nxe4 Bxe4 30. Qf2 Rg6 31. Re2 Be7 32. Rb2 Rg3 33. Nf3 Rxf3 34. Qd2 Rg3 35. Rf1 Kf7 36. Kh2 Rg8 37. Rf2 Rxh3+ 38. Kg1 Qh7 39. Kf1 Rh1+ 40. Ke2 Qh5+ 41. Rf3 Rxg2+ 42. Bf2 Qxf3# 0-1

[Event "IECC O-3879"]
[Site "IECC email"]
[Date "2014.04.26"]
[Round "?"]
[White "Vallone, Anthony"]
[Black "Page, Alan"]
[Result "1-0"]
[WhiteElo "1100"]
[BlackElo "1086"]
[PlyCount "75"]
[EventDate "2014.??.??"]
[EventType "swiss (corr)"]
[EventRounds "2"]
[SourceTitle "Corr 2020"]
[Source "ChessBase"]
[SourceDate "2019.09.30"]
[SourceVersion "1"]
[SourceVersionDate "2019.09.30"]
[SourceQuality "1"]
[WhiteTeam "United States"]
[BlackTeam "England"]
[WhiteTeamCountry "USA"]
[BlackTeamCountry "ENG"]

1. e4 e5 2. Nf3 Nc6 3. c3 Nf6 4. Qc2 d5 5. Bb5 Bd6 6. d3 Bd7 7. Bg5 a6 8. exd5 axb5 9. dxc6 Bxc6 10. Nbd2 h6 11. Bxf6 Qxf6 12. b4 Qg6 13. g3 Qf6 14. Qd1 0-0 15. Ne4 Qe6 16. a3 Qg4 17. Qe2 f5 18. Ned2 e4 19. dxe4 fxe4 20. Nd4 Qxe2+ 21. Kxe2 e3 22. N2f3 exf2 23. Nxc6 bxc6 24. c4 c5 25. Kxf2 cxb4 26. axb4 Bxb4 27. cxb5 Rab8 28. Rhc1 Rfc8 29. Nd4 Be7 30. Nc6 Bf6 31. Nxb8 Bxa1 32. Na6 Be5 33. Kg2 g5 34. b6 c5 35. Rxc5 Rxc5 36. Nxc5 Bd4 37. b7 Be5 38. Na6 1-0

[Event "IECC 2014-1.06"]
[Site "IECC email"]
[Date "2014.01.05"]
[Round "?"]
[White "Bennett, Gary"]
[Black "Page, Alan"]
[Result "1-0"]
[WhiteElo "1645"]
[BlackElo "1122"]
[PlyCount "71"]
[EventDate "2014.??.??"]
[EventType "tourn (corr)"]
[SourceTitle "Corr 2020"]
[Source "ChessBase"]
[SourceDate "2019.09.30"]
[SourceVersion "1"]
[SourceVersionDate "2019.09.30"]
[SourceQuality "1"]
[WhiteTeam "Australia"]
[BlackTeam "England"]
[WhiteTeamCountry "AUS"]
[BlackTeamCountry "ENG"]

1. c4 e5 2. Nc3 Nf6 3. Nf3 Nc6 4. e4 Nb4 5. Nxe5 Qe7 6. d4 d6 7. Nf3 Nxe4 8. Be2 Nxc3 9. bxc3 Nc6 10. 0-0 Qf6 11. Bg5 Qg6 12. Re1 Be7 13. Bd3 Qh5 14. d5 Ne5 15. Bxe7 Kxe7 16. Be2 Qg6 17. Nxe5 dxe5 18. Bd3 Qg5 19. Qb3 Bh3 20. g3 b6 21. Qb4+ Kd7 22. Qb5+ Ke7 23. c5 Rhd8 24. Qb4 Kf8 25. cxb6+ Kg8 26. bxc7 Rdc8 27. d6 Qf6 28. Qc5 a5 29. Qxe5 Qxe5 30. Rxe5 g6 31. Rb1 a4 32. Reb5 Kg7 33. Rb8 Ra7 34. Rxc8 Bxc8 35. Rb8 Be6 36. Bb5 1-0

[Event "P-4775"]
[Site "IECC email"]
[Date "2012.08.31"]
[Round "?"]
[White "Hurley, Karen Jean"]
[Black "Page, Alan"]
[Result "1-0"]
[WhiteElo "1289"]
[BlackElo "1034"]
[PlyCount "81"]
[EventDate "2012.??.??"]
[EventType "tourn (corr)"]
[SourceTitle "Telechess CBM 165"]
[Source "ChessBase"]
[SourceDate "2015.03.11"]
[SourceVersion "1"]
[SourceVersionDate "2015.03.11"]
[SourceQuality "1"]
[WhiteTeam "England"]
[BlackTeam "England"]
[WhiteTeamCountry "ENG"]
[BlackTeamCountry "ENG"]

1. e4 e5 2. Nc3 Nf6 3. Bc4 a6 4. d3 b5 5. Bb3 Bc5 6. Bg5 h6 7. Bh4 Be7 8. h3 Nh5 9. Bxe7 Qxe7 10. Qxh5 0-0 11. Nd5 Qd6 12. Nf3 Nc6 13. 0-0 a5 14. a3 a4 15. Ba2 Nd8 16. Nxe5 c6 17. Nb6 Rb8 18. Nxc8 Rxc8 19. Kh1 Qe7 20. f4 d6 21. Nf3 Qf6 22. Qf5 Qxf5 23. exf5 c5 24. c4 bxc4 25. Bxc4 Nc6 26. g4 Ne7 27. Rfe1 Rc7 28. Nh4 Nc6 29. g5 hxg5 30. fxg5 Nd4 31. Rab1 Rd7 32. Bd5 Rdd8 33. g6 Kh8 34. gxf7 Rb8 35. Ng6+ Kh7 36. Nxf8+ Rxf8 37. Re8 Rxe8 38. fxe8Q Nxf5 39. Be4 g6 40. Bxf5 gxf5 41. Rg1 1-0

[Event "IECC Swiss-495.3"]
[Site "IECC email"]
[Date "2006.04.11"]
[Round "?"]
[White "Pivirotto, Filiberto"]
[Black "Page, Alan"]
[Result "1-0"]
[WhiteElo "1585"]
[BlackElo "1041"]
[PlyCount "53"]
[EventDate "2006.??.??"]
[EventType "swiss (corr)"]
[EventRounds "1"]
[SourceTitle "Corr 2020"]
[Source "ChessBase"]
[SourceDate "2019.09.30"]
[SourceVersion "1"]
[SourceVersionDate "2019.09.30"]
[SourceQuality "1"]
[WhiteTeam "Italy"]
[BlackTeam "England"]
[WhiteTeamCountry "ITA"]
[BlackTeamCountry "ENG"]

1. b3 d5 2. Bb2 Nc6 3. e3 e5 4. Bb5 e4 5. Ne2 Qg5 6. d3 Bd7 7. 0-0 exd3 8. Qxd3 a6 9. Bxc6 Bxc6 10. Nd4 Bd7 11. e4 0-0-0 12. Nf3 Qg6 13. Ne5 Qh5 14. exd5 Bd6 15. Qf3 f6 16. Qxh5 fxe5 17. c4 Nf6 18. Qg5 Rhg8 19. Bxe5 h6 20. Qe3 b6 21. Bxd6 cxd6 22. Qxb6 Bf5 23. Nc3 g5 24. Qxa6+ Kd7 25. Rae1 Rde8 26. Qb7+ Kd8 27. Nb5 1-0

[Event "IECC KO-1056"]
[Site "IECC email"]
[Date "2005.11.16"]
[Round "?"]
[White "Venturas, Bob"]
[Black "Page, Alan"]
[Result "0-1"]
[WhiteElo "1126"]
[BlackElo "986"]
[PlyCount "60"]
[EventDate "2005.??.??"]
[EventType "match (corr)"]
[EventRounds "2"]
[SourceTitle "Corr 2008"]
[Source "ChessBase"]
[SourceDate "2008.06.24"]
[SourceVersion "1"]
[SourceVersionDate "2008.06.24"]
[SourceQuality "1"]

1. e4 e5 2. Bc4 Nf6 3. Qf3 Nc6 4. c3 d5 5. exd5 e4 6. Qd1 Na5 7. Qa4+ c6 8. dxc6 bxc6 9. Be2 Bd7 10. b4 Nb7 11. Bc4 Be7 12. Qd1 Qb6 13. h3 Nd6 14. Bb3 Qa6 15. Ne2 Nf5 16. 0-0 c5 17. Ba3 c4 18. Bc2 Qd6 19. f3 Ng3 20. Nxg3 Qxg3 21. Bxe4 Nxe4 22. fxe4 Bd6 23. Qf3 Qh2+ 24. Kf2 0-0 25. b5 Bxa3 26. Nxa3 Qc7 27. Qe2 Qc5+ 28. Ke1 Qxa3 29. Qxc4 Qb2 30. Ke2 Bxb5 0-1

[Event "P-3985"]
[Site "IECC email"]
[Date "2005.07.29"]
[Round "?"]
[White "Page, Alan"]
[Black "Holt, John"]
[Result "0-1"]
[WhiteElo "1038"]
[BlackElo "908"]
[PlyCount "90"]
[EventDate "2005.??.??"]
[EventType "tourn (corr)"]
[SourceTitle "Corr 2020"]
[Source "ChessBase"]
[SourceDate "2019.09.30"]
[SourceVersion "1"]
[SourceVersionDate "2019.09.30"]
[SourceQuality "1"]
[WhiteTeam "England"]
[BlackTeam "United States"]
[WhiteTeamCountry "ENG"]
[BlackTeamCountry "USA"]

1. e4 e5 2. c3 Nf6 3. d3 Nc6 4. Nf3 d6 5. b4 Bg4 6. h3 Bh5 7. Be2 Qd7 8. Be3 Bxf3 9. Bxf3 b5 10. d4 exd4 11. cxd4 Nxb4 12. e5 Nfd5 13. Bd2 c6 14. a3 Nd3+ 15. Ke2 N5f4+ 16. Bxf4 Nxf4+ 17. Kf1 dxe5 18. Qc1 Rc8 19. dxe5 Ne6 20. Nc3 Be7 21. Ne4 0-0 22. Kg1 Rc7 23. Kh2 a6 24. Rd1 Qc8 25. a4 a5 26. Qc2 Rd7 27. Rxd7 Qxd7 28. Bg4 bxa4 29. Qxa4 Qd5 30. Rc1 Qxe5+ 31. Kh1 f5 32. Bxf5 Qxf5 33. f3 Rc8 34. Qd1 Nc5 35. Ng3 Qg5 36. Nf1 Ne6 37. g3 Qf5 38. Kg2 c5 39. Ne3 Qg6 40. Qd7 Re8 41. Ng4 Bf8 42. Ne5 Nf4+ 43. Kh2 Rxe5 44. g4 Re2+ 45. Kh1 Qh6 0-1

[Event "P-3803"]
[Site "IECC email"]
[Date "2004.11.01"]
[Round "?"]
[White "Williams, Derek"]
[Black "Page, Alan"]
[Result "1-0"]
[WhiteElo "1681"]
[BlackElo "1017"]
[PlyCount "79"]
[EventDate "2004.??.??"]
[EventType "tourn (corr)"]
[SourceTitle "Corr 2020"]
[Source "ChessBase"]
[SourceDate "2019.09.30"]
[SourceVersion "1"]
[SourceVersionDate "2019.09.30"]
[SourceQuality "1"]
[WhiteTeam "United States"]
[BlackTeam "England"]
[WhiteTeamCountry "USA"]
[BlackTeamCountry "ENG"]

1. e4 e5 2. Nf3 Nc6 3. Bc4 Nf6 4. 0-0 Nxe4 5. d4 d5 6. Bb5 Qf6 7. Nxe5 Bd6 8. f3 Bxe5 9. dxe5 Qg6 10. fxe4 dxe4 11. Nc3 0-0 12. Bxc6 Qxc6 13. Qd4 Be6 14. Qxe4 Qb6+ 15. Qe3 Qc6 16. Qg3 g6 17. Bg5 Qb6+ 18. Rf2 Rae8 19. Bh6 Qxb2 20. Rb1 Qa3 21. Bxf8 Rxf8 22. Rxb7 Qc1+ 23. Rf1 Qxc2 24. Rxc7 Qb2 25. Rb1 Qc2 26. Qf2 Qd3 27. Rd1 Qa6 28. Rxa7 Qc4 29. Qe3 Qb4 30. Ne4 Qb2 31. Nf6+ Kg7 32. a4 Rc8 33. a5 Qb5 34. a6 Bc4 35. Rc1 Rb8 36. e6 Bxe6 37. Qxe6 Rf8 38. Rd7 Qg5 39. Rc8 Qa5 40. h4 1-0

[Event "IECC P email"]
[Site "IECC email"]
[Date "2003.05.07"]
[Round "?"]
[White "Ladkin, Peter"]
[Black "Page, Alan"]
[Result "1-0"]
[WhiteElo "797"]
[BlackElo "1060"]
[PlyCount "99"]
[EventDate "2003.??.??"]
[EventType "tourn (corr)"]
[EventRounds "6"]
[SourceTitle "Corr 2008"]
[Source "ChessBase"]
[SourceDate "2008.06.24"]
[SourceVersion "1"]
[SourceVersionDate "2008.06.24"]
[SourceQuality "1"]

1. e4 e5 2. Nf3 Nc6 3. Nc3 Nf6 4. Bc4 a6 5. Ng5 Qe7 6. Bxf7+ Kd8 7. Bc4 Ke8 8. Nf7 Rg8 9. Nd5 Qc5 10. Nxc7+ Ke7 11. Nxa8 Qxc4 12. Ng5 h6 13. Nb6 Qc5 14. Nxc8+ Kd8 15. Nd6 Qb4 16. Ngf7+ Ke7 17. c3 Qc5 18. b4 Qa7 19. Nc8+ Kxf7 20. Nxa7 Nxa7 21. Qf3 Bd6 22. d3 Rc8 23. Bd2 Nb5 24. Rc1 b6 25. a4 Nc7 26. Be3 b5 27. a5 Ne6 28. d4 exd4 29. cxd4 Bxb4+ 30. Kf1 Rb8 31. e5 Kg8 32. exf6 gxf6 33. Qg3+ Kf7 34. Qxb8 Kg6 35. g4 h5 36. Qg8+ Ng7 37. Rc7 hxg4 38. Rxd7 Kf5 39. Qxg7 Bxa5 40. Rd5+ Ke4 41. Rd7 Kd3 42. Qxg4 Kc3 43. Kg2 b4 44. Rc1+ Kb3 45. Qe6+ Ka3 46. Qxf6 b3 47. Qxa6 Ka4 48. Bd2 b2 49. Qxa5+ Kb3 50. Rb7# 1-0

[Event "IECC P email"]
[Site "IECC email"]
[Date "2001.12.20"]
[Round "?"]
[White "Page, Alan"]
[Black "Wittman, Bob"]
[Result "0-1"]
[WhiteElo "1048"]
[BlackElo "1316"]
[PlyCount "54"]
[EventDate "2001.??.??"]
[EventType "tourn (corr)"]
[EventRounds "6"]
[SourceTitle "Corr 2008"]
[Source "ChessBase"]
[SourceDate "2008.06.24"]
[SourceVersion "1"]
[SourceVersionDate "2008.06.24"]
[SourceQuality "1"]

1. e4 e5 2. Nf3 Nc6 3. Nc3 Bc5 4. Bb5 Nge7 5. Bxc6 Nxc6 6. a3 a6 7. b4 Ba7 8. Nd5 b5 9. c3 Bb7 10. d4 d6 11. dxe5 Nxe5 12. Bf4 Nxf3+ 13. Qxf3 0-0 14. Qg3 Bxd5 15. exd5 Re8+ 16. Kd2 Qf6 17. Rhe1 h6 18. Re2 Rxe2+ 19. Kxe2 Re8+ 20. Kf1 g5 21. Bd2 Re5 22. c4 Rf5 23. Be3 Qxa1+ 24. Ke2 Bxe3 25. fxe3 Qf1+ 26. Kd2 Rf2+ 27. Kc3 Qxc4# 0-1

[Event "IECC P email"]
[Site "IECC email"]
[Date "2001.08.07"]
[Round "?"]
[White "Page, Alan"]
[Black "Maidana, Edgardo R"]
[Result "1-0"]
[WhiteElo "1018"]
[BlackElo "919"]
[PlyCount "65"]
[EventDate "2001.??.??"]
[EventType "tourn (corr)"]
[EventRounds "6"]
[SourceTitle "Corr 2008"]
[Source "ChessBase"]
[SourceDate "2008.06.24"]
[SourceVersion "1"]
[SourceVersionDate "2008.06.24"]
[SourceQuality "1"]

1. e4 e5 2. Nf3 Nc6 3. c3 Bc5 4. d4 exd4 5. cxd4 Bb4+ 6. Bd2 a5 7. a3 Qe7 8. axb4 Qxe4+ 9. Be2 b6 10. Nc3 Qe6 11. Nb5 Kd8 12. bxa5 h5 13. 0-0 Nf6 14. Re1 h4 15. h3 Rh5 16. axb6 Rxa1 17. Qxa1 cxb6 18. Na7 Bb7 19. Nxc6+ Bxc6 20. Ng5 Qf5 21. Nxf7+ Ke7 22. Bd3+ Ne4 23. f3 Qxf7 24. Bxe4 Rg5 25. Bd5+ Qe6 26. Bxg5+ Kf7 27. Bxe6+ dxe6 28. Qa7+ Kg6 29. Bxh4 b5 30. Rxe6+ Kh5 31. Bd8 b4 32. Qxg7 b3 33. Qg5# 1-0

[Event "IECC KO email"]
[Site "IECC email"]
[Date "2001.02.26"]
[Round "?"]
[White "Lind, Anders"]
[Black "Page, Alan"]
[Result "1/2-1/2"]
[WhiteElo "1186"]
[BlackElo "1020"]
[PlyCount "77"]
[EventDate "2001.??.??"]
[EventType "tourn (corr)"]
[EventRounds "6"]
[SourceTitle "Corr 2008"]
[Source "ChessBase"]
[SourceDate "2008.06.24"]
[SourceVersion "1"]
[SourceVersionDate "2008.06.24"]
[SourceQuality "1"]

1. e4 e5 2. Nf3 Nc6 3. Bb5 Nge7 4. 0-0 a6 5. Bc4 b5 6. Bb3 d5 7. Nc3 d4 8. Nd5 Be6 9. Nxe7 Qxe7 10. Bxe6 Qxe6 11. d3 Bd6 12. Ng5 Qg6 13. Nh3 0-0 14. f4 Qf6 15. fxe5 Qxe5 16. Bf4 Qe7 17. Bxd6 Qxd6 18. Rf5 Ne5 19. Qe2 g6 20. Rf4 h5 21. Raf1 Ng4 22. Ng5 f6 23. h3 Ne3 24. e5 Qxe5 25. R1f3 Qxg5 26. Rxd4 Nf5 27. Qe6+ Kh8 28. Rdf4 Nh4 29. Rf2 Kg7 30. Qd7+ Rf7 31. Qc6 Ra7 32. c3 f5 33. Qc5 Rb7 34. Qd4+ Kh6 35. Qh8+ Rh7 36. Qf8+ Rg7 37. Qh8+ Rh7 38. Qf8+ Rg7 39. Qh8+ 1/2-1/2

[Event "IECC P email"]
[Site "IECC email"]
[Date "2000.04.22"]
[Round "?"]
[White "McDermott, Michael"]
[Black "Page, Alan"]
[Result "0-1"]
[WhiteElo "1112"]
[BlackElo "1072"]
[PlyCount "66"]
[EventDate "2000.??.??"]
[EventType "tourn (corr)"]
[EventRounds "6"]
[SourceTitle "Corr 2008"]
[Source "ChessBase"]
[SourceDate "2008.06.24"]
[SourceVersion "1"]
[SourceVersionDate "2008.06.24"]
[SourceQuality "1"]

1. e4 e5 2. Nf3 Nc6 3. Nc3 Nf6 4. Bc4 Bc5 5. d3 Ng4 6. Bg5 Bxf2+ 7. Ke2 Nd4+ 8. Kd2 Nxf3+ 9. Qxf3 Qxg5+ 10. Ke2 0-0 11. Raf1 d6 12. Rxf2 Nxf2 13. Qxf2 Bg4+ 14. Kf1 Qc1+ 15. Qe1 Qxc2 16. h3 Bd7 17. h4 Qxb2 18. Rh3 Bxh3 19. gxh3 c6 20. h5 h6 21. d4 exd4 22. Ne2 b5 23. Bb3 d3 24. Nc3 d2 25. Qe3 a5 26. Ke2 a4 27. Nd1 Qc1 28. Qc3 Qxc3 29. Nxc3 axb3 30. axb3 b4 31. Na4 Rfe8 32. Kxd2 Rxe4 33. Kd3 Rae8 0-1

[Event "IECC P email"]
[Site "IECC email"]
[Date "1999.02.05"]
[Round "?"]
[White "Rozanski, Robert"]
[Black "Page, Alan"]
[Result "1-0"]
[WhiteElo "1348"]
[BlackElo "1068"]
[PlyCount "103"]
[EventDate "1999.??.??"]
[EventType "tourn (corr)"]
[EventRounds "6"]
[SourceTitle "Corr 2008"]
[Source "ChessBase"]
[SourceDate "2008.06.24"]
[SourceVersion "1"]
[SourceVersionDate "2008.06.24"]
[SourceQuality "1"]

1. e4 e5 2. f4 Nc6 3. Nf3 d6 4. Bb5 Bd7 5. d4 exd4 6. Nxd4 Nxd4 7. Bxd7+ Qxd7 8. Qxd4 Nf6 9. 0-0 Be7 10. Nc3 0-0 11. Rd1 c5 12. Qd3 Rab8 13. e5 Ne8 14. f5 Qc6 15. f6 gxf6 16. Nd5 Qd7 17. exd6 Bxd6 18. Bh6 Qc6 19. Bxf8 Bxf8 20. Qg3+ Bg7 21. Ne7+ Kf8 22. Nxc6 Ra8 23. Nb8 f5 24. Rd8 Ke7 25. Qd6+ Nxd6 26. Nc6+ bxc6 27. Rxa8 Bxb2 28. Rxa7+ Kf6 29. Rb1 Bd4+ 30. Kh1 Ne4 31. g3 c4 32. Ra6 h5 33. Rxc6+ Kg5 34. Rxc4 Nd2 35. h4+ Kf6 36. Rc6+ Ke5 37. Rb5+ Ke4 38. Rb4 Ke3 39. Rxd4 Kxd4 40. Rd6+ Ke3 41. Rxd2 Kxd2 42. c4 Ke2 43. c5 Kf3 44. c6 Kxg3 45. c7 f4 46. c8Q f3 47. Qf5 f2 48. Qf6 f1Q+ 49. Qxf1 Kxh4 50. Qg2 f5 51. Kh2 f4 52. a3 1-0

[Event "IECC P email"]
[Site "IECC email"]
[Date "1998.11.15"]
[Round "?"]
[White "Page, Alan"]
[Black "Evans, Kyle"]
[Result "1-0"]
[WhiteElo "1059"]
[BlackElo "1190"]
[PlyCount "63"]
[EventDate "1998.??.??"]
[EventType "tourn (corr)"]
[EventRounds "6"]
[SourceTitle "Corr 2008"]
[Source "ChessBase"]
[SourceDate "2008.06.24"]
[SourceVersion "1"]
[SourceVersionDate "2008.06.24"]
[SourceQuality "1"]

1. e4 c6 2. d4 d5 3. e5 c5 4. c3 e6 5. Nf3 cxd4 6. cxd4 Nc6 7. Nc3 g6 8. a3 Bg7 9. Nb5 Kd7 10. Nd6 Qe7 11. Ng5 f6 12. Ngf7 fxe5 13. Bg5 Bf6 14. Bxf6 Qxf6 15. dxe5 Nxe5 16. Bb5+ Nc6 17. Qc2 a6 18. Bxc6+ bxc6 19. Rc1 Ne7 20. 0-0 Rb8 21. Qc5 Rxb2 22. Qa7+ Bb7 23. Nxh8 Kxd6 24. Qb8+ Kd7 25. Rb1 c5 26. Rxb2 Qxb2 27. Nf7 Nc6 28. Qd6+ Kc8 29. Qxe6+ Kb8 30. Qxd5 Nd4 31. Qxc5 Qxa3 32. Qxa3 1-0